| 000 | 00668nam a2200157Ia 4500 | ||
|---|---|---|---|
| 003 | GCL | ||
| 008 | 140319s9999 xx 000 0 ara d | ||
| 040 |
_aGCL / _cGCL |
||
| 082 | 0 | 4 |
_a808.85 _bج خ |
| 100 | 1 | _aجمال عبدالناصر | |
| 245 | 1 | 0 |
_aخطاب الرئيس جمال عبدالناصر فى الجلسة الافتتاحية لدور الانعقاد العادى لمجلس الامة (هدية من الاديب عبدالفتاح الجمل) / _cجمال عبدالناصر |
| 490 |
_aالهيئة العامة للاستعلامات _v0 |
||
| 650 | 0 | 4 | _aجمال عبدالناصر - الخطب |
| 650 | 0 | 4 | _aمجلس الامة |
| 942 |
_2ddc _cBK |
||
| 999 |
_c46927 _d46927 |
||